Transparencia y datos abiertos en la Administracin̤ pb︢lica

Bibliographic Details
Main Author: Almansa Morales, Antonio
Format: eBook
Language:Spanish
Published: Madrid: Instituto Nacional de Administracin̤ Pb︢lica (INAP), 2017
Subjects:
Online Access:Acceso restringido

MARC

LEADER 00000nam a22000007a 4500
005 20180104182035.0
007 cr|||| ||||
008 180104s2017 sp |||||s|||| 00||0 spa d
020 |a 978-84-7351-588-7 
035 |a 20965 
040 |a vLex 
090 |c 7364  |d 7364 
100 1 |a Almansa Morales, Antonio 
245 1 0 |a Transparencia y datos abiertos en la Administracin̤ pb︢lica  |h [Recurso electrn̤ico] /  |c Antonio Almansa Morales  
256 |a Servicio en ln̕ea 
260 |a Madrid:  |b Instituto Nacional de Administracin̤ Pb︢lica (INAP),  |c 2017 
300 |a 1 recurso electrn̤ico 
506 0 4 |a Disponible solo en los productos indicados  |d vLex Global  |d vLex Global (Academic Edition, excluding Law Schools)  |d vLex Global (U.S. Academic Edition, Law Schools)  |d vLex Global (U.S. Academic Edition, excluding Law Schools)  |d vLex Global (Academic Edition, Law Schools) 
650 0 4 |a Derecho Pb︢lico y Administrativo  |z Espaą 
740 0 |a vLex Libros (Servicio en ln̕ea) 
856 4 0 |u http://vlex.com/source/transparencia-datos-abiertos-administracion-publica-20965  |z Acceso restringido 
942 |c BOOK 
999 0 |a Public and administrative law